The historiographical Jesus : (Record no. 8583)

MARC details
000 -LEADER
fixed length control field 01219nam a22002297a 4500
003 - CONTROL NUMBER IDENTIFIER
control field GBCCL
005 - DATE AND TIME OF LATEST TRANSACTION
control field 20241126110653.0
008 - FIXED-LENGTH DATA ELEMENTS--GENERAL INFORMATION
fixed length control field 210415b ||||| |||| 00| 0 eng d
020 ## - INTERNATIONAL STANDARD BOOK NUMBER
International Standard Book Number 9781602580657
020 ## - INTERNATIONAL STANDARD BOOK NUMBER
International Standard Book Number 1602580650
040 ## - CATALOGING SOURCE
Transcribing agency gbc
082 ## - DEWEY DECIMAL CLASSIFICATION NUMBER
Classification number 232.908
Item number LED
100 ## - MAIN ENTRY--PERSONAL NAME
Personal name Le Donne, Anthony
9 (RLIN) 15135
245 ## - TITLE STATEMENT
Title The historiographical Jesus :
Remainder of title memory, typology, and the Son of David /
Statement of responsibility, etc. Anthony Le Donne
260 ## - PUBLICATION, DISTRIBUTION, ETC.
Place of publication, distribution, etc. Waco, Tex. :
Name of publisher, distributor, etc. Baylor University Press ;
Date of publication, distribution, etc. 2009.
300 ## - PHYSICAL DESCRIPTION
Extent 324 pages ;
Dimensions 23 cm
505 ## - FORMATTED CONTENTS NOTE
Formatted contents note Preface 1. Introduction 2. Hermeneutics and History 3. History and Memory 4. Memory and Typology 5. Son of David and Typology 6. The Therapeutic Son of David 7. Jesusa Temple Procession 8. The "Son of David" Question 9. Concluding Analysis
505 ## - FORMATTED CONTENTS NOTE
Formatted contents note 'The Historiographical Jesus' introduces a new theory & approach for the study of Jesus' life, using the precepts of social memory theory to indentify 'memory refraction' in the Jesus tradition - the refocusing distortion that occurs as stories are handed down & both consciously & unconsciously reframed.
650 ## - SUBJECT ADDED ENTRY--TOPICAL TERM
Topical term or geographic name entry element Jesus Christ
Form subdivision Historicity.
9 (RLIN) 14787
650 ## - SUBJECT ADDED ENTRY--TOPICAL TERM
Topical term or geographic name entry element Theology
Form subdivision Methodology.
General subdivision Memory.
9 (RLIN) 15136
942 ## - ADDED ENTRY ELEMENTS (KOHA)
Source of classification or shelving scheme Dewey Decimal Classification
Koha item type Books
Holdings
Withdrawn status Lost status Source of classification or shelving scheme Damaged status Not for loan Home library Current Library Shelving location Date acquired Total checkouts Full call number Barcode Date last seen Copy number Price effective from Koha item type
    Dewey Decimal Classification     GRACE BIBLE COLLEGE GRACE BIBLE COLLEGE Theology 2021-04-15   232.908 LED 020223 2025-05-01 c.1 2021-04-15 Books
© Grace Bible College Library 2025